Statistics for Rappers By Picture A-Z

Click here to take the quiz!

General Stats

  • This quiz has been taken 707 times
  • The average score is 15 of 21

Answer Stats

Answer% Correct
Drake
100%
Eminem
99%
Kanye West
97%
Ice Cube
95%
Juice WRLD
94%
Lil Wayne
94%
XXXTentacion
93%
Biggie
90%
Chance The Rapper
87%
Travis Scott
82%
A$AP Rocky
81%
Snoop Dogg
80%
Macklemore
68%
Rick Ross
59%
Gunna
58%
Young Thug
55%
Nipsey Hussle
38%
Vanilla Ice
37%
Fetty Wap
34%
Pusha T
30%
Wacka Flocka Flame
20%

Score Distribution

Percentile by Number Answered

Percent of People with Each Score

Your Score History

You have not taken this quiz